Potravinárstvo a poľnohospodárstvo v Slovenskej republike výzvy vstupu do Európskej únie

Gespeichert in:
Bibliographische Detailangaben
Format: Buch
Sprache:Slowakisch
Veröffentlicht: Bratislava Svetová banka 2002
Schriftenreihe:Štúdia Svetovej banky
Schlagworte:
Tags: Tag hinzufügen
Keine Tags, Fügen Sie das erste Tag hinzu!

MARC

LEADER 00000nam$a2200000$$$4500
001 0040373
005 20240318125747.8
020 |a 80-89041-54-X 
041 0 |a slo 
044 |a SK 
245 1 0 |a Potravinárstvo a poľnohospodárstvo v Slovenskej republike  |b výzvy vstupu do Európskej únie 
264 1 |a Bratislava  |b Svetová banka  |c 2002 
300 |a 160 s. 
490 1 |a Štúdia Svetovej banky 
830 0 |a Štúdia Svetovej banky 
610 2 0 |a potravinárstvo 
610 2 0 |a poľnohospodárstvo 
610 2 0 |a politika poľnohospodárska 
610 2 0 |a pôda 
610 2 0 |a farmy 
610 2 0 |a výrobky poľnohospodárske 
610 2 0 |a inštitúcie verejnoprávne 
610 2 0 |a integrácia ekonomická medzinárodná 
610 2 0 |a vidiek 
610 2 0 |a firmy 
610 2 0 |a rozpočty 
610 2 0 |a údaje štatistické 
610 2 0 |a správa verejná 
610 2 0 |a Slovensko